1559 1962 1368 1717 1043 1354 1908 1089 1863 1512 1092 1390 1262 1037 1206 1154 1107 1781 1377 1620 1389 1914 1021 1823 1205 1009 1870 1360 1087 1900 1908 1058 1169 1490 1336 1967 1083 1021 1884 1990 1179 1386 1400 1180 1143 1781 1133 1066 1679 1848 1666 1741 1695 1855 1607 1666 1845 1835 1799 1732 1095 1994 1352 1530 1615 1045 1192 1030 1548 1465 1730 1941 1183 1820 1792 1925 1064 1114 1978 1447 1023 1874 1278 1102 1789 1982 1699 1093 1699 1865 1465 1377 1709 1946 1136 1279 1885 1376 1057 BCNSPRNW ULIB Ver.6.0+V

เปลี่ยนเป็นภาษาไทย

Change to English
 แสดงรายละเอียดบรรณานุกรม
  กลับหน้าหลัก

Brief Record : Get Marc (ISO 2709) : E-mail record : QR code < ปิดหน้าต่าง
LEADER : 00000nam 2200000uu 4500
001    13399122901
003     ULIB
008    131028s2013||||th 000 0 eng d
020    ^a9781451110395 (pbk.)
060 04 ^aQT104^bM489 2013
245 00 ^aMedical physiology :^bprinciples for clinical medicine /^cedited by Rodney A. Rhoades, David R. Bell
250    ^a4th ed.
260    ^aBaltimore, Md. :^bWolters Kluwer/Lippincott Williams & Wilkins,^c2013
300    ^axvi, 819 p. :^bill. (chiefly col.) ;^c28 cm.
500    ^aIncludes index
650  0 ^aHuman physiology
650  2 ^aPhysiological Phenomena
700 1  ^aRhoades, Rodney,^eed.
700 1  ^aBell, David R.,^d1952- ,^eed.
945    ^p0^l0^i034119
999    ^aเกษร โพธิ์สุวรรณ
รายการนี้ยังไม่มีแท็ก
คุณยังไม่ได้ล็อกอิน คุณสามารถมีกิจกรรมร่วมกับเว็บไซต์ได้ แต่ต้องล็อกอินก่อน ::
  ล็อกอิน

รายการสื่อสารสนเทศ

ลำดับที่ ประเภท เลขเรียก/บาร์โค้ด สถานที่ สถานะ
1. Book การพยาบาล
Book การพยาบาล
QT104 M489 2013  
  Barcode: 034119
ห้องสมุดวิทยาเขตสวรรค์ประชารักษ์
►หนังสือทั่วไป
บนชั้น

รายการใกล้เคียง
    หัวเรื่อง [Human physiology]
    หัวเรื่อง [Physiological Phenomena]

BibComment


ยังไม่เคยถูกคอมเมนท์

คอมเมนท์ทรัพยากรรายการนี้
  คอมเมนท์: Medical physiolo..


 Copyright 2026. Bcnsprnw @Library